LEADER 02511nam 22005773u 450 001 9910783620203321 005 20230607220522.0 010 $a1-280-32846-0 010 $a1-134-74708-X 010 $a1-134-74707-1 010 $a0-203-27857-7 010 $a0-415-15095-7 010 $a9786610328468 035 $a(CKB)1000000000249132 035 $a(EBL)169628 035 $a(OCoLC)236339789 035 $a(SSID)ssj0000293697 035 $a(PQKBManifestationID)12098970 035 $a(PQKBTitleCode)TC0000293697 035 $a(PQKBWorkID)10274944 035 $a(PQKB)10120125 035 $a(MiAaPQ)EBC169628 035 $a(EXLCZ)991000000000249132 100 $a20130418d2002|||| u|| | 101 0 $aeng 135 $aur|n|---||||| 181 $ctxt 182 $cc 183 $acr 200 10$aDescribing Spoken English$b[electronic resource] $eAn Introduction 210 $aHoboken $cTaylor and Francis$d2002 215 $a1 online resource (251 p.) 300 $aDescription based upon print version of record. 311 $a0-415-15094-9 311 $a9780203135013 327 $aBook Cover; Title; Contents; Preface; Symbols and typographic conventions; The pronunciation of English; Speech; The structure of language; English consonants; English vowels; Syllables; Strong and weak syllables; Word stress; Stress in compound words and phrases; The role of accent in discourse; Intonation; Morphemes that vary in form; Feedback on exercises; Bibliography; Index 330 $aDescribing Spoken English provides a practical and descriptive introduction to the pronunciation of contemporary English. It presumes no prior knowledge of phonetics and phonology.Charles Kreidler describes the principal varieties of English in the world today. Whilst concentrating on the phonological elements they share, the author sets out specific differences as minor variations on a theme. Although theoretically orientated towards generative phonology, theory is minimal and the book is clear, comprehensive and accessible to undergraduate and postgraduate students of linguistic 606 $aEnglish language 606 $aLinguistics 615 4$aEnglish language. 615 4$aLinguistics. 676 $a421/.52 676 $a428.1 700 $aKreidler$b Charles W$0682380 801 0$bAU-PeEL 801 1$bAU-PeEL 801 2$bAU-PeEL 906 $aBOOK 912 $a9910783620203321 996 $aDescribing spoken English$91260775 997 $aUNINA LEADER 03913nam 22006015 450 001 9910793603703321 005 20240102113121.0 010 $a1-5017-3932-8 024 7 $a10.7591/9781501739323 035 $a(CKB)4100000009040501 035 $a(MiAaPQ)EBC5851455 035 $a(OCoLC)1073896205 035 $a(MdBmJHUP)muse75880 035 $a(DE-B1597)527442 035 $a(DE-B1597)9781501739323 035 $a(EXLCZ)994100000009040501 100 $a20200406h20192019 fg 101 0 $aeng 135 $aurcnu|||||||| 181 $ctxt$2rdacontent 182 $cc$2rdamedia 183 $acr$2rdacarrier 200 10$aBishops and the Politics of Patronage in Merovingian Gaul /$fGregory I. Halfond 210 1$aIthaca, NY : $cCornell University Press, $d[2019] 210 4$dİ2019 215 $a1 online resource (220 pages) 311 08$aOnline version: Halfond, Gregory I., author. Bishops and the politics of patronage in Merovingian Gaul Ithaca [New York] : Cornell University Press, 2019 9781501739323 (DLC) 2018055361 311 08$aOnline version: Halfond, Gregory I., author. Bishops and the politics of patronage in Merovingian Gaul Ithaca [New York] : Cornell University Press, 2019 9781501739323 (DLC) 2018060253 320 $aIncludes bibliographical references and index. 327 $tFrontmatter -- $tContents -- $tAcknowledgments -- $tAbbreviations -- $tMap -- $tIntroduction -- $t1. Episcopal Service to the Court -- $t2. Royal Patronage and Its Benefits -- $t3. Unity in Disunity: The Limits of Corporate Solidarity -- $t4. Disunity in Unity: Territorial Integration and Its Effects -- $tConclusion -- $tBibliography -- $tIndex 330 $aFollowing the dissolution of the Western Roman Empire, local Christian leaders were confronted with the problem of how to conceptualize and administer their regional churches. As Gregory Halfond shows, the bishops of post-Roman Gaul oversaw a transformation in the relationship between church and state. He shows that by constituting themselves as a corporate body, the Gallic episcopate was able to wield significant political influence on local, regional, and kingdom-wide scales.Gallo-Frankish bishops were conscious of their corporate membership in an exclusive order, the rights and responsibilities of which were consistently being redefined and subsequently expressed through liturgy, dress, physical space, preaching, and association with cults of sanctity. But as Halfond demonstrates, individual bishops, motivated by the promise of royal patronage to provide various forms of service to the court, often struggled, sometimes unsuccessfully, to balance their competing loyalties. However, even the resulting conflicts between individual bishops did not, he shows, fundamentally undermine the Gallo-Frankish episcopate's corporate identity or integrity. Ultimately, Halfond provides a far more subtle and sophisticated understanding of church-state relations across the early medieval period. 606 $aFrance$xPolitics and government$yTo 987 606 $aEpiscopacy$xHistory 606 $aMerovingians 606 $aChurch and state$zGaul 606 $aBishops$xPolitical activity$zGaul 606 $aBishops$zGaul$xTemporal power 607 $aFrance$xChurch history$yTo 987 610 $achurch history, late antiquity, Franks, Francia. 615 0$aFrance$xPolitics and government 615 0$aEpiscopacy$xHistory. 615 0$aMerovingians. 615 0$aChurch and state 615 0$aBishops$xPolitical activity 615 0$aBishops$xTemporal power. 676 $a274.4/02 700 $aHalfond$b Gregory I., $4aut$4http://id.loc.gov/vocabulary/relators/aut$01099385 801 0$bDE-B1597 801 1$bDE-B1597 906 $aBOOK 912 $a9910793603703321 996 $aBishops and the Politics of Patronage in Merovingian Gaul$93803582 997 $aUNINA